La traición escrita : una conjura en la China imperial /

En 1728 una conjura en contra del emperador chino Yongzheng no prosperó debido a la minuciosa revisión que el gobierno llevaba a cabo de cada documento que circulaba por el imperio. A través de los mismos papeles incautados y los informes emitidos por los empleados gubernamentales, ha sido posible l...

Celý popis

Uloženo v:
Podrobná bibliografie
Hlavní autor: Spence, Jonathan D. (autor)
Médium: Kniha
Jazyk:španělština
Vydáno: Barcelona, España : Tusquets, 2004, c2004
Edice:(Tiempo de Memoria ; 37)
Témata:
Tagy: Přidat tag
Žádné tagy, Buďte první, kdo vytvoří štítek k tomuto záznamu!

MARC

LEADER 00000nam^a2200000^a^4500
001 000307266
005 20250521000000.0
009 20260310112842.683
020 |a 84-8310-963-8 
037 |a Acervo ITESO - Biblioteca 
041 |a ESP 
082 |a 951. 032  |b SPE 
100 |a Spence, Jonathan D.  |e (autor) 
245 1 3 |a La traición escrita :  |b una conjura en la China imperial /  |c J.D. Spence ; tr. por Mabel Lus González. 
264 4 |a Barcelona, España :  |b Tusquets,  |c 2004, c2004 
300 |a 353 p. 
336 |a texto  |b txt  |2 rdacontenido 
337 |a sin mediación  |b n  |2 rdamedio 
338 |a volumen  |b nc  |2 rdasoporte 
440 1 |a (Tiempo de Memoria ;  |v 37) 
500 |a Traducción de: Treason by the Book 
520 |a En 1728 una conjura en contra del emperador chino Yongzheng no prosperó debido a la minuciosa revisión que el gobierno llevaba a cabo de cada documento que circulaba por el imperio. A través de los mismos papeles incautados y los informes emitidos por los empleados gubernamentales, ha sido posible la reconstrucción, paso a paso, de los hechos, enmarcada en la historia de la China del siglo XVIII. 
649 |a XX 
650 |a Traición a la Patria -  |z China -  |x Tema Principal 
650 |a Insurrección -  |z China 
650 |a Poder Político -  |z China 
650 |a China -  |x Historia -  |y Siglo XVIII 
650 |a China -  |x Historia -  |y Período Manchú, 1644-1912 -  |x Tema Principal 
910 |a Fondo General 
920 |a Impresos - Libros 
930 |a Colección General 
905 |a 101 
901 |a 0500193334  |b IT1  |c ACC  |i C126085  |u 20250521 
902 |a https://opac.biblio.iteso.mx/vufind/Record/000307266